000 01329nam a2200337 c 4500
999 _c333118
_d333118
003 BLK
005 20240705160310.0
008 180411b bul|||||r ||||||| ||bul||
010 _aKNG00212382000
020 _a978-619-7316-30-8
040 _aBLK
041 _aBUL
_cBUL
072 7 _2bullib
_aН83
_xЧужда художествена литература Н
080 _aАзербайджанска литература
_b821.512.162
_x-31
_z821.512.162-31
100 1 _aСафарли, Елчин
_eпърви автор
_9119114
139 _aСафарли, Елчин
_bС 20
245 1 0 _aИскам у дома
_bРоман
_cЕлчин Сафарли; прев. от рус. Надежда Делева
257 _aAZE
260 _bГнездото
_c2019
_aСофия
300 _a248 с.
_c20 см
380 _aX
500 _aПрев. от рус. изд. Если бы ты знал... / Elchin Safarli.
653 _aромани
700 _aДелева, Надежда Петкова
_d1959-
_gФилолог, руска филология. Преводач от/на руски език.
_9329683
852 _bП
_cП 894-31/С 20
856 4 _qpdf
856 4 _qpdf
942 _cKNG
_n0
_035
944 _aCR
_c19.09.2017
_lЦветомила Тодорова
_k30576
999 _d333118